10 propuestas para asegurar la calidad de la educación pública.

Gespeichert in:
Bibliographische Detailangaben
1. Verfasser: Sindicato Nacional Técnico de la Educación (SNTE) (autor)
Format: Unbekannt
Sprache:Spanisch
Schlagworte:
Online-Zugang:Ver documento en línea
Tags: Tag hinzufügen
Keine Tags, Fügen Sie das erste Tag hinzu!

MARC

LEADER 00000c**#a2200000ua#4500
001 000502495
003 DLC
005 20260414000000.0
008 070831c^^^^9999^^^^r1^^^^^^^^0^^^^0spa^d
009 20260414194022.513
022 |a 01851284 
035 |a FCE 000046687 
037 |a Acervo ITESO - Biblioteca 
041 |a spa 
095 |a RLEE  |b 95-1-99. 
100 |a Sindicato Nacional Técnico de la Educación (SNTE)  |e (autor) 
245 1 4 |a 10 propuestas para asegurar la calidad de la educación pública. 
264 |a México :  |b Centro de Estudios Educativos,  |c 1995. 
336 |a texto  |b txt  |2 rdacontenido 
337 |a sin mediación  |b n  |2 rdamedio 
338 |a volumen  |b nc  |2 rdasoporte 
649 |a XX 
650 |a Educación básica 
650 |a Reforma de la educación 
650 |a Educación pública 
650 |a Calidad de la educación 
650 |a Propuesta de reforma 
650 |a Política educativa 
650 |a México 
740 |g vol. 25, no. 1, 1995, pp. 99-113.  |t Revista Latinoamericana de Estudios Educativos. Documentos, 
856 4 0 |u https://www.cee.edu.mx/rlee/revista/r1991_2000/r_texto/t_1995_1_06.pdf  |y Ver documento en línea 
910 |a Fondo Centro de Estudios Educativos 
920 |a Impresos - Libros 
930 |a Fondos Especiales 
905 |a 133 
902 |a https://opac.biblio.iteso.mx/vufind/Record/000502495